Detalles MARC
| 000 -LIDER |
| fixed length control field |
01678nam a2200361 a 4500 |
| 001 - NÚMERO DE CONTROL |
| Identificador de número de control |
000008224 |
| 003 - IDENTIFICACDOR DE NÚMERO DE CONTROL |
| control field |
DO-SdBNP |
| 005 - DATE AND TIME OF LATEST TRANSACTION |
| control field |
20180404133343.0 |
| 007 - CAMPOS FIJOS DE DESCRIPCIÓN FÍSICA |
| fixed length control field |
000008224 |
| 008 - ELEMENTOS DE LONGITUD FIJA |
| fixed length control field |
090915s2006 dr ad 001 0 spa d |
| 040 ## - FUENTE DE CATALOGACIÓN |
| Agencia que crea de manera original el registro |
BPMET |
| Idioma de catalogación |
spa |
| Agencia que realiza la transcripción |
BPMET |
| 092 ## - LOCALLY ASSIGNED DEWEY DECIMAL CALL NUMBER |
| Número de clasificación |
RD 631.5233 |
| Número de ítem (Cutter) |
C748t |
| 111 2# - ASIENTO PRINCIPAL--NOMBRE DE REUNIÓN O CONFERENCIA |
| Nombre de reunión o jurisdicción como elemento de entrada |
Conferencia Internacional sobre Organismos Genéticamente Modificados (Transgénicos) ( |
| Fecha de la reunión |
(2005 : |
| Lugar de la reunión |
Santo Domingo) |
| 245 10 - MENCIÓN DE TITULO |
| Título |
Transgénicos en Santo Domingo / |
| Mención de responsabilidad |
presentación Sonia Vásquez ; edición Andrea Brechelt. |
| 246 03 - VARIACION DEL TÍTULO |
| Título propiamente dicho o título corto |
Transgénicos en Santo Domingo |
| 260 ## - PUBLICACIÓN, DISTRIBUCIÓN, ETC. (PIE DE IMPRENTA) |
| Lugar de publicación, distribución, etc |
Santo Domingo : |
| Nombre del editor, distribuidor, etc. |
FAMA, |
| Fecha de publicación, distribución, etc |
2006. |
| 300 ## - DESCRIPCIÓN FÍSICA |
| Extensión |
151 p. : |
| Otros detalles físicos |
il. ; |
| Dimensiones |
22 cm. |
| 500 ## - NOTA GENERAL |
| Nota general |
Incluye biografía y notas al pie de las páginas. |
| 505 0# - NOTA DE CONTENIDO |
| Título |
La situación actual de los transgénicos en América Latina -- |
| -- |
Los transgénicos y la agricultura orgánica -- |
| -- |
La situación actual de la investigación sobre los transgénicos en la República Dominicana -- |
| -- |
Marco jurídico de los transgénicos en la República Dominicana -- |
| -- |
Declaración final: Declaración de Santo Domingo. |
| 650 #4 - ENCABEZAMIENTO DE MATERIA--TEMÁTICO |
| Término temático o nombre geográfico como elemento de entrada |
ALIMENTOS TRANSGÉNICOS |
| Subdivisión temática general |
CONGRESOS,CONFERENCIAS,ETC. |
| 650 #4 - ENCABEZAMIENTO DE MATERIA--TEMÁTICO |
| Término temático o nombre geográfico como elemento de entrada |
INGENIERÍA GENÉTICA |
| Subdivisión temática general |
CONGRESOS, CONFERENCIAS, ETC. |
| 650 #4 - ENCABEZAMIENTO DE MATERIA--TEMÁTICO |
| Término temático o nombre geográfico como elemento de entrada |
BIOTECNOLOGÍA |
| Subdivisión temática general |
CONGRESOS,CONFERENCIAS,ETC. |
| 700 1# - ASIENTO SECUNDARIO -- NOMBRE PERSONAL |
| Nombre personal |
Vásquez, Sonia. |
| 700 1# - ASIENTO SECUNDARIO -- NOMBRE PERSONAL |
| Nombre personal |
Brechelt, Andrea, |
| Mención de responsabilidad |
ed. |
| 710 2# - ASIENTO SECUNDARIO -- NOMBRE CORPORATIVO |
| Nombre corporativo o de jurisdicción |
Fundación Agricultura y Medio Ambiente . (República Dominicana) |
| 910 ## - VALIDACIÓN |
| Validación |
Validado. Control de calidad EMS |
| 930 #1 - EQUIVALENCE OR CROSS-REFERENCE-UNIFORM TITLE HEADING [LOCAL, CANADA] |
| Language of a work |
|
| Medium of performance for music |
|
| Medium |
|
| Field link and sequence number |
|
| Date of a work |
|
| Name of part/section of a work |
|
| Miscellaneous information |
|
| 942 ## - ADDED ENTRY ELEMENTS (KOHA) |
| Source of classification or shelving scheme |
Dewey Decimal Classification |
| Koha item type |
Libros |
| 945 ## - INFORMACIÓN DE PROCESAMIENTO LOCAL |
| Información de procesamiento local |
Remanejado para la BNPHU / 2018 VM |
| 956 ## - LOCAL ELECTRONIC LOCATION AND ACCESS (OCLC) |
| Nombre de host |
|
| Número de acceso |
|
| Información de compresión |
|
| Inicio de sesión |
|
| Procesador de solicitud |
|
| 956 ## - LOCAL ELECTRONIC LOCATION AND ACCESS (OCLC) |
| Nombre de host |
|
| Número de acceso |
|
| Información de compresión |
|
| Inicio de sesión |
|
| Procesador de solicitud |
|
| 956 ## - LOCAL ELECTRONIC LOCATION AND ACCESS (OCLC) |
| Nombre de host |
VMATEO |
| Número de acceso |
10 |
| Información de compresión |
20150428 |
| Inicio de sesión |
BPMSU |
| Procesador de solicitud |
0069 |